00337 a2200121 4500003000500000005001700005040000900022082000800031245004900039260003200088650007200120651002300192Nust20170207164733.0 cNust a799 aClosing Address Fsc-56,Photographs-2014cMCS aRawalpindibMCSc10-04-2014 aPictures of Closing Address Fsc-56,Photographs-2014 (CD-24 Vol II)  aSweet Memories-MCS